Switzerland 2005.
| Main Author: | |
|---|---|
| Format: | Book |
| Published: |
Emeryvile:
Avalon Travel Publishing,
2004.
|
| Subjects: |
| LEADER | 00508cam a2200169 7i4500 | ||
|---|---|---|---|
| 001 | 0000017144 | ||
| 005 | 20060310090000.0 | ||
| 022 | 0 | 0 | |a 1-56691-882-0 |
| 090 | 0 | 0 | |a SWTZ 914.9404 |b STE |
| 100 | 0 | 0 | |a Steves |
| 245 | 0 | 0 | |a Switzerland 2005. |
| 260 | 0 | 0 | |a Emeryvile: |b Avalon Travel Publishing, |c 2004. |
| 300 | # | # | |a 271 p. |
| 650 | 0 | 0 | |a Switzerland -- |x Guidebooks |
| 650 | 0 | 0 | |a Switzerland -- |x Description and travel -- |x Guidebooks |
| 651 | 0 | 0 | |a Switzerland |
| 999 | |a B000017835 |b Book |c Countries |e Business Information Centre | ||